000 nam a22 7a 4500
999 _c16894
_d16894
008 161118b xxu||||| |||| 00| 0 eng d
020 _a9781285091078
050 _aHD 31 .W55 2014
100 _aWilliams, Chuck.
245 _aThe mgmt solution :
_bPrinciple of management/
_cChuck Williams.
260 _aCanada :
_bCengage learning,
_c2013.
300 _aviii, 456p. :
_bill .
_c26cm.
500 _aInclude index.
650 _aManagement.
942 _2lcc
_cBOOKS
_hHD 31 .W55 2014